• 首页
  • 本馆介绍
  • 公告通知
  • 最新文献
  • 馆藏检索
  • 电子资源
  • 读者导购
  • 参考咨询
  • 我的图书馆
  • 登录
  • 详细信息显示
  • 放入我的书架
  • 预约/预借图书
  • 作者相关作品
  • 分类相关作品
  • 丛书相关作品
  • 出版社相关作品

书目信息

  • 表格格式
  • 工作单格式
  • 卡片格式
题名:
数学反思
    
 
作者: 安德雷斯库 著 ;余应龙 译
分册: 2016-2017  
出版信息: 哈尔滨   哈尔滨工业大学出版社  2021
页数: 315, 18页
开本: 26cm
丛书名: 蒂图·安德雷斯库系列丛书
单 册:
中图分类: O1-44 , O1
科图分类:
主题词: 数学--shu xue--竞赛题--题解
电子资源:
ISBN: 978-7-5603-9335-3
000 01352nam 2200289 450
001 2164813450
005 20211112180019.08
010    @a978-7-5603-9335-3@dCNY58.00
100    @a20210713d2021 em y0chiy50 ea
101 1  @achi@ceng
102    @aCN@b230000
105    @aak a 000yy
200 1  @a数学反思@Ashu xue fan si@h2016-2017@f(美) 蒂图·安德雷斯库著@d= Mathematical reflections two wonderful years@h2016-2017@fTitu Andreescu@g余应龙译@zeng
210    @a哈尔滨@c哈尔滨工业大学出版社@d2021
215    @a315, 18页@c图@d26cm
225 2  @a蒂图·安德雷斯库系列丛书@Adi tu·an de lei si ku xi lie cong shu@h第一辑
320    @a有书目
330    @a本书汇集了2016-2017年的数学问题。其中,初级问题部分的特点是入门问题;高级问题和奥林匹克问题部分是为预备参加国内或国际比赛的学生准备的;大学本科问题部分为高校学生提供了独特契机来解决一些领域中的问题。然后是对应的解答。最后是15篇数学问题的文章,包括《Tucker图形中的共圆》《多项式的系数和根》《平行四边形的特征》等。
410  0 @12001 @a蒂图·安德雷斯库系列丛书@h第一辑
500 10 @aMathematical reflections two wonderful years@h2016-2017@mChinese
606 0  @a数学@Ashu xue@x竞赛题@j题解
690    @aO1-44@v5
690    @aO1@v4
701  1 @a安德雷斯库@Aan de lei si ku@g(Andreescu, Titu)@4著
702  0 @a余应龙@Ayu ying long@4译
801  0 @aCN@bBP@c20210713
905    @aZUCC@dO1@e21
    
    数学反思.2016-2017/(美) 蒂图·安德雷斯库著= Mathematical reflections two wonderful years.2016-2017/Titu Andreescu/余应龙译.-哈尔滨:哈尔滨工业大学出版社,2021
    315, 18页:图;26cm.-(蒂图·安德雷斯库系列丛书.第一辑)
    
    
    ISBN 978-7-5603-9335-3:CNY58.00
    本书汇集了2016-2017年的数学问题。其中,初级问题部分的特点是入门问题;高级问题和奥林匹克问题部分是为预备参加国内或国际比赛的学生准备的;大学本科问题部分为高校学生提供了独特契机来解决一些领域中的问题。然后是对应的解答。最后是15篇数学问题的文章,包括《Tucker图形中的共圆》《多项式的系数和根》《平行四边形的特征》等。
●
相关链接 在五车中查询图书 在当当中查询图书 在豆瓣中查询图书


正题名:数学反思     索取号:O1/21         预约/预借

序号 登录号 条形码 馆藏地/架位号 状态 备注
1 2000880856   2000880856   第三书库/ [索取号:O1/21] 在馆    
2 2000880857   2000880857   第三书库/ [索取号:O1/21] 在馆    
3 2000880858   2000880858   第三书库/ [索取号:O1/21] 在馆    
山东省滨州职业学院图书馆 欢迎您!
大连网信软件有限公司© 版权所有